书目信息 |
| 题名: |
汉语拼音读物
|
|
| 作者: | 佳萌 选编 ;极致工作室 绘画 | |
| 分册: | 久仰大名 | |
| 出版信息: | 北京 中国少年儿童出版社 2003 |
|
| 页数: | 100页 | |
| 开本: | 20cm | |
| 丛书名: | ||
| 单 册: | ||
| 中图分类: | H125.4 | |
| 科图分类: | ||
| 主题词: | 汉字--文字学 | |
| 电子资源: | ||
| ISBN: | 7-5007-6756-0 | |
| 000 | 00702nam0 2200229 450 | |
| 001 | 0751833544 | |
| 005 | 20070730094244.57 | |
| 010 | @a7-5007-6756-0@dCNY7.50 | |
| 100 | @a20070728d2003 km y0chiy0120 ea | |
| 101 | 0 | @achi |
| 102 | @aCN@b110000 | |
| 200 | 1 | @a汉语拼音读物@i久仰大名@f佳萌选编@Fjia meng xuan bian@g极致工作室绘画@Gji zhi gong zuo shi hui hua |
| 210 | @a北京@c中国少年儿童出版社@d2003 | |
| 215 | @a100页@d20cm | |
| 300 | @a开心100漫画 | |
| 517 | 1 | @a汉语拼音读物@Ahan yu pin yin du wu |
| 606 | 0 | @a汉字@x文字学 |
| 690 | @aH125.4@v3 | |
| 701 | 0 | @a佳萌@Ajia meng@4选编 |
| 702 | 0 | @a极致工作室@Aji zhi gong zuo shi@4绘画 |
| 801 | 0 | @aCN@bPFT@c20070730 |
| 905 | @a10447@dH125.4@e30:1 | |
| 汉语拼音读物.久仰大名/佳萌选编/极致工作室绘画.-北京:中国少年儿童出版社,2003 |
| 100页;20cm |
| 开心100漫画 |
| ISBN 7-5007-6756-0:CNY7.50 |
| ● |
| 相关链接 |
|
|
|
|
正题名:汉语拼音读物
索取号:H125.4/30:1
 
预约/预借
| 序号 | 登录号 | 条形码 | 馆藏地/架位号 | 状态 | 备注 |
| 1 | 0789357 | 207893573 | 第二样本阅览室/ [索取号:H125.4/30:1] | 在馆 | |
| 2 | 0789358 | 207893582 | 第四借阅区/ [索取号:H125.4/30:1] | 在馆 |